| 000 | 00370 a2200157 4500 | ||
|---|---|---|---|
| 001 | 152422 | ||
| 040 | _cEscola São Tomás de Aquino | ||
| 100 | _aTELLES, Carlos Queiroz | ||
| 240 | 1 | 0 |
_aSonhos, grilos e paixões. _lpor |
| 245 | 1 | 0 | _aSonhos, grilos e paixões. |
| 300 | _a64 | ||
| 362 | 0 | _a2013 | |
| 440 | 1 | _aModerna | |
| 697 | _a*LITERATURA JUVENIL | ||
| 942 | _cBK | ||
| 999 |
_c152422 _d152422 |
||